| 000 | 01096cam a22002892 4500 | ||
|---|---|---|---|
| 001 | 0000021386 | ||
| 005 | 20151217145934.0 | ||
| 008 | 120419s xx 000 0 eng d | ||
| 020 | _a1847036063 : | ||
| 040 |
_aKABU _cKABU |
||
| 100 | 1 |
_aPhipson, Sidney L. _@0000182204 |
|
| 245 | 1 | 0 | _aPhipson on evidence. |
| 250 |
_a17th ed. / _bHodge M. Malek ...[et al.]. |
||
| 260 |
_aLondon : _bSweet & Maxwell, _c2010. |
||
| 300 | _acclxviii, 1574 p. | ||
| 650 | 0 |
_aEvidence (Law) _zGreat Britain. _@0000160151 |
|
| 700 | 1 |
_aMalek, Hodge M. _@0000182205 |
|
| 852 | 1 | _9p52,469.28 KES | |
| 852 | 1 | _9p52,469.28 KES | |
| 852 | 1 | _9p52,469.28 KES | |
| 852 | 1 | _9p52,469.28 KES | |
| 908 | _a120419 | ||
| 950 | _@1 | ||
| 999 |
_c4294 _d4294 |
||